| 000 | 00607nam a2200217 a 4500 | ||
|---|---|---|---|
| 005 | 20140310183437.0 | ||
| 008 | 080205s19uu xx 00 eng d | ||
| 020 | _a9780324539677 | ||
| 050 |
_aHD 31 _b.Sl634 2008 |
||
| 100 | _aSlocum, John W. | ||
| 245 |
_aCompetency -based management / _cJohn W. Slocum |
||
| 260 |
_aAustralia : _bSouth-Western, _c2008. |
||
| 300 |
_a625 p. : _bill. col. ; _c27 cm. |
||
| 521 | _aBSBA | ||
| 650 | _aManagement. | ||
| 650 | _aCompetency-based management. | ||
| 700 | _aJackson, Susan E. | ||
| 700 | _aHellriegel, Don | ||
| 942 |
_cBK _2lcc _kFOR |
||
| 999 |
_c22972 _d22972 |
||